[Event "X Weekend B"]
[Site "Porto Sant'Elpidio ITA"]
[Date "2007.12.02"]
[Round "5"]
[White "Di Mantino, Mauro"]
[Black "Piccioli, Lorenzo"]
[Result "1/2-1/2"]
[WhiteElo "1726"]
[BlackElo "1503"]
[PlyCount "63"]
[EventDate "2007.11.24"]

1. e4 g6 2. d4 Bg7 3. Nc3 e6 4. Nf3 d6 5. Bc4 h6 6. Be3 a6 7. a4 b6 8. O-O Bb7
9. Re1 Nd7 10. Qe2 Ne7 11. Rad1 e5 12. dxe5 Nxe5 13. Nxe5 Bxe5 14. f4 Bxc3 15.
bxc3 Qd7 16. Bd4 Rg8 17. e5 d5 18. e6 fxe6 19. Qxe6 Qxe6 20. Rxe6 Kd7 21. Rde1
Nf5 22. Bd3 Rae8 23. Rxe8 Rxe8 24. Rxe8 Kxe8 25. Be5 c5 26. Bc7 c4 27. Bxf5
gxf5 28. Bxb6 Bc6 29. a5 Ba4 30. Kf2 Bxc2 31. Ke3 Kd7 32. Kd4 1/2-1/2

[Event "X Weekend B"]
[Site "Porto Sant'Elpidio ITA"]
[Date "2007.12.02"]
[Round "5"]
[White "Di Pietro, Gabriele"]
[Black "Sorcinelli, Matteo"]
[Result "1-0"]
[WhiteElo "1713"]
[BlackElo "1458"]
[PlyCount "131"]
[EventDate "2007.11.24"]

1. e4 Nf6 2. e5 Nd5 3. d4 e6 4. Nf3 c5 5. c3 cxd4 6. cxd4 Bb4+ 7. Bd2 Qb6 8.
Bc4 d6 9. Bxd5 exd5 10. O-O Bxd2 11. Qxd2 O-O 12. Nc3 Be6 13. Ng5 Nd7 14. Rae1
dxe5 15. dxe5 Qb4 16. Qd3 g6 17. Nxd5 Qc5 18. Nxe6 fxe6 19. Nf6+ Nxf6 20. exf6
Rxf6 21. Qd7 Qc8 22. Qe7 Qf8 23. Rxe6 Qxe7 24. Rxe7 Rb6 25. b3 h5 26. Rc1 Rd8
27. f3 Rbd6 28. Rcc7 Rd1+ 29. Kf2 R1d2+ 30. Kg3 h4+ 31. Kh3 Rxa2 32. Rxb7 g5
33. Rg7+ Kf8 34. Rxg5 Ra6 35. Kxh4 Rh6+ 36. Kg3 a6 37. Rgg7 Rf6 38. Rh7 Rg6+
39. Kf2 Rd2+ 40. Ke3 Rd8 41. Rh8+ Rg8 42. Rxg8+ Kxg8 43. f4 Re8+ 44. Kf3 Re6
45. g4 Re1 46. h4 Rf1+ 47. Ke4 Re1+ 48. Kf5 Re8 49. h5 Rf8+ 50. Kg5 Rd8 51. f5
Rd6 52. f6 Rd5+ 53. Kg6 Rd8 54. g5 a5 55. Rg7+ Kh8 56. Rh7+ Kg8 57. f7+ Kf8 58.
Rh8+ Ke7 59. Rxd8 Kxd8 60. f8=Q+ Kd7 61. Qc5 Ke6 62. h6 Kd7 63. Kf7 Kd8 64. Qa7
Kc8 65. Ke6 Kd8 66. Qd7# 1-0

[Event "X Weekend B"]
[Site "Porto Sant'Elpidio ITA"]
[Date "2007.12.02"]
[Round "5"]
[White "Gasparroni, Riccardo"]
[Black "Pescatore, Lorenzo"]
[Result "1-0"]
[WhiteElo "1699"]
[BlackElo "1600"]
[PlyCount "135"]
[EventDate "2007.11.24"]

1. e4 e5 2. Nf3 Nc6 3. Bb5 a6 4. Ba4 Nf6 5. d3 b5 6. Bb3 Be7 7. O-O O-O 8. Nc3
d6 9. h3 Na5 10. Nd5 Nxd5 11. Bxd5 c6 12. Bb3 Nxb3 13. axb3 f5 14. Qe2 c5 15.
Nh2 Qe8 16. f4 Bf6 17. exf5 Bxf5 18. g4 Bd7 19. g5 Qg6 20. Ng4 Bxg4 21. hxg4
Be7 22. fxe5 Rxf1+ 23. Kxf1 Bxg5 24. Bxg5 Qxg5 25. exd6 Qf6+ 26. Kg2 Qxd6 27.
Re1 Rf8 28. Qe6+ Qxe6 29. Rxe6 Rf6 30. Re8+ Rf8 31. Re5 Rc8 32. Re6 c4 33. bxc4
bxc4 34. d4 Rb8 35. Rc6 Rxb2 36. Rxc4 Rb6 37. d5 Rd6 38. Rc8+ Kf7 39. c4 Ke7
40. Kf3 Rf6+ 41. Ke4 Rg6 42. Kf5 Rf6+ 43. Ke5 Kd7 44. Ra8 Rg6 45. Ra7+ Kc8 46.
d6 Rxg4 47. Kd5 h5 48. c5 Rg1 49. Kc6 Kb8 50. Rb7+ Ka8 51. d7 Rd1 52. Kc7 h4
53. Rb8+ Ka7 54. d8=Q Rxd8 55. Rxd8 g5 56. Rg8 a5 57. Kd8 Kb7 58. Rxg5 a4 59.
Kd7 a3 60. c6+ Kb6 61. c7 a2 62. Rg1 h3 63. c8=Q h2 64. Qc7+ Ka6 65. Qxh2 a1=Q
66. Rxa1+ Kb5 67. Qc2 Kb4 68. Rb1+ 1-0

[Event "X Weekend B"]
[Site "Porto Sant'Elpidio ITA"]
[Date "2007.12.02"]
[Round "5"]
[White "Gjoklaj, Shpetim"]
[Black "Binci, Luca"]
[Result "1/2-1/2"]
[WhiteElo "1599"]
[BlackElo "1650"]
[PlyCount "58"]
[EventDate "2007.11.24"]

1. Nf3 Nf6 2. b3 g6 3. Bb2 Bg7 4. e3 d6 5. d4 O-O 6. c4 Bf5 7. Nbd2 Nbd7 8. Be2
Re8 9. Nh4 e6 10. O-O Ne4 11. Nxf5 exf5 12. Qc2 Qe7 13. Bd3 c5 14. Rfe1 Rab8
15. f3 Nxd2 16. Qxd2 Bh6 17. f4 Bg7 18. Rad1 Nf6 19. d5 Ne4 20. Bxe4 fxe4 21.
Rf1 f5 22. g3 a6 23. a4 b5 24. axb5 axb5 25. Rb1 Rb7 26. Rfc1 Reb8 27. Bxg7
Kxg7 28. Qa2 bxc4 29. bxc4 Rxb1 1/2-1/2

[Event "X Weekend B"]
[Site "Porto Sant'Elpidio ITA"]
[Date "2007.12.02"]
[Round "5"]
[White "Lorito, Giuseppe"]
[Black "Orlandini, Alessandra"]
[Result "1-0"]
[WhiteElo "1455"]
[BlackElo "1440"]
[PlyCount "73"]
[EventDate "2007.11.24"]

1. d4 d5 2. c4 Nf6 3. Nc3 e6 4. Bg5 Bb4 5. Nf3 dxc4 6. e3 O-O 7. Bxc4 c6 8. O-O
b5 9. Bd3 h6 10. Bh4 Bb7 11. Ne4 Nbd7 12. Rc1 Qc7 13. Nxf6+ Nxf6 14. Bxf6 gxf6
15. a3 Bd6 16. Bxb5 Kh8 17. Be2 Rg8 18. Re1 Rg7 19. b4 Rag8 20. Bf1 c5 21. h3
Bh2+ 22. Kh1 Qc6 23. Kxh2 Qc7+ 24. Kh1 e5 25. dxe5 fxe5 26. Rxc5 Qe7 27. Rxe5
Qf6 28. e4 Bc8 29. Qd4 Bxh3 30. Nh4 Bxg2+ 31. Nxg2 Rxg2 32. Bxg2 Qh4+ 33. Kg1
Qg4 34. Rg5+ f6 35. Rxg4 Rxg4 36. Qd8+ Kh7 37. Qd7+ 1-0

[Event "X Weekend B"]
[Site "Porto Sant'Elpidio ITA"]
[Date "2007.12.02"]
[Round "5"]
[White "Marconi, Gabriele"]
[Black "Sagripanti, Michele"]
[Result "0-1"]
[WhiteElo "1482"]
[BlackElo "1614"]
[PlyCount "68"]
[EventDate "2007.11.24"]

1. d4 Nf6 2. Nf3 g6 3. e3 Bg7 4. Nbd2 d6 5. b3 Nbd7 6. Bb2 c5 7. c4 cxd4 8.
exd4 d5 9. Bd3 b6 10. Rc1 Ba6 11. Bb1 Rc8 12. Qc2 O-O 13. h4 h5 14. Ke2 Re8 15.
Rcg1 e5 16. Kd1 e4 17. Nh2 Nf8 18. g4 Qd7 19. gxh5 Nxh5 20. Rg5 Nf4 21. Qc1
N8e6 22. Rg3 Bxd4 23. Bxd4 Nxd4 24. Ng4 Rc6 25. Qb2 dxc4 26. bxc4 Bxc4 27. Nxc4
Nde2+ 28. Qd2 Qxd2+ 29. Kxd2 Rd8+ 30. Ke3 Rxc4 31. f3 Rc3+ 32. Kf2 Nxg3 33.
Kxg3 Rxf3+ 34. Kh2 Rd2+ 0-1

[Event "X Weekend B"]
[Site "Porto Sant'Elpidio ITA"]
[Date "2007.12.02"]
[Round "5"]
[White "Marinucci, Johnny"]
[Black "Santarelli, Enrico"]
[Result "1-0"]
[WhiteElo "1655"]
[BlackElo "1671"]
[PlyCount "99"]
[EventDate "2007.11.24"]

1. d4 g6 2. Bf4 d6 3. Nf3 Bg7 4. e3 Nd7 5. Be2 a6 6. a4 b6 7. h3 Bb7 8. O-O e6
9. c3 Ne7 10. Nbd2 h6 11. Ne1 e5 12. Bh2 f5 13. Bf3 e4 14. Be2 O-O 15. g4 fxg4
16. hxg4 Kh7 17. Ng2 g5 18. Qc2 Nf6 19. f4 Qd7 20. Qd1 Bc8 21. f5 Bb7 22. Rf2
Ned5 23. Nf1 a5 24. Ng3 Ba6 25. Bxa6 Rxa6 26. Qe2 Raa8 27. Ne1 Nxe3 28. Qxe3
Nxg4 29. Qxe4 Nxf2 30. Kxf2 Rae8 31. Qd3 Kh8 32. Nc2 Re7 33. Rf1 Qxa4 34. Ne3
Qc6 35. d5 Qc5 36. Bg1 a4 37. Kg2 Qa5 38. Nh5 Ref7 39. Ng4 Re8 40. Nxg7 Kxg7
41. Bd4+ Kf8 42. Kg3 c5 43. dxc6 a3 44. bxa3 Qxa3 45. Nf6 Ree7 46. Nd7+ Ke8 47.
f6 Rxd7 48. cxd7+ Kxd7 49. Qb5+ Kc8 50. Qe8+ 1-0

[Event "X Weekend B"]
[Site "Porto Sant'Elpidio ITA"]
[Date "2007.12.02"]
[Round "5"]
[White "Miandro, Steven"]
[Black "Giampieri, Stefano"]
[Result "1-0"]
[WhiteElo "1596"]
[BlackElo "1392"]
[PlyCount "128"]
[EventDate "2007.11.24"]

1. d4 d5 2. c4 e6 3. Nc3 Bb4 4. cxd5 exd5 5. Qc2 Nc6 6. e3 Nf6 7. Bd3 Be6 8.
Nf3 Bxc3+ 9. bxc3 Bg4 10. Nd2 O-O 11. O-O Re8 12. Rb1 Rb8 13. Ba3 Bh5 14. Rb2
Bg6 15. Bxg6 hxg6 16. Rfb1 b6 17. c4 dxc4 18. Qxc4 Qd5 19. Rc1 Qxc4 20. Rxc4
Ne7 21. Rxc7 Nc8 22. Rbc2 Nd5 23. R7c4 b5 24. Rc5 Nf6 25. h3 a6 26. e4 Nb6 27.
f3 Rbd8 28. d5 Nfd7 29. Rc6 f6 30. d6 Kf7 31. Rc7 Rc8 32. Rxc8 Rxc8 33. Rc7
Rxc7 34. dxc7 Nf8 35. Bc5 Nc8 36. Bxf8 Kxf8 37. Nb3 Ke7 38. Nc5 a5 39. Kf2 a4
40. Ke3 Kd6 41. Kd4 Ne7 42. Na6 Kc6 43. Nb4+ Kxc7 44. Nd5+ Nxd5 45. Kxd5 Kb6
46. a3 Ka5 47. Kc5 Ka6 48. Kb4 Kb7 49. Kxb5 Kc7 50. Kxa4 f5 51. e5 Kd7 52. f4
g5 53. fxg5 Kc6 54. Kb4 Kd5 55. Kb5 Kxe5 56. a4 Kd6 57. Kb6 Kd7 58. Kb7 g6 59.
a5 Ke6 60. a6 Ke5 61. a7 Kf4 62. a8=Q Kxg5 63. Qd8+ Kf4 64. Qh4+ Ke3 1-0

[Event "X Weekend B"]
[Site "Porto Sant'Elpidio ITA"]
[Date "2007.12.02"]
[Round "5"]
[White "Morelli, Basilio"]
[Black "Santarelli, Gabriele"]
[Result "1-0"]
[WhiteElo "1488"]
[BlackElo "1440"]
[PlyCount "99"]
[EventDate "2007.11.24"]

1. d4 Nf6 2. c4 e6 3. Nc3 Bb4 4. Bg5 h6 5. Bh4 Be7 6. e4 d6 7. Bd3 Nbd7 8. Nge2
b6 9. f3 Bb7 10. O-O Ba6 11. b4 c5 12. bxc5 dxc5 13. d5 exd5 14. Bxf6 Bxf6 15.
exd5 O-O 16. Ne4 Bxa1 17. Qxa1 Nf6 18. N2g3 Bc8 19. Re1 Nxe4 20. fxe4 Re8 21.
e5 Bb7 22. Nf5 Bc8 23. e6 Qf6 24. exf7+ Kxf7 25. Qxf6+ Kxf6 26. Rxe8 Bxf5 27.
Rxa8 Bxd3 28. Rxa7 Bxc4 29. d6 Be6 30. a3 c4 31. Rb7 c3 32. Rxb6 Kf7 33. Rc6
Ke8 34. Rxc3 g6 35. a4 Kd7 36. a5 Kxd6 37. a6 Bf5 38. a7 Be4 39. Re3 Ba8 40.
Re8 Bc6 41. a8=Q Bxa8 42. Rxa8 Ke6 43. Rf8 Ke7 44. Rf2 Ke6 45. h4 Ke7 46. g4
Ke6 47. Kg2 Ke7 48. Rf4 Ke8 49. Rf6 Ke7 50. Rxg6 1-0

[Event "X Weekend B"]
[Site "Porto Sant'Elpidio ITA"]
[Date "2007.12.02"]
[Round "5"]
[White "Paoloni, Andrea"]
[Black "Gasparroni, Roberto"]
[Result "1-0"]
[WhiteElo "1440"]
[BlackElo "1506"]
[PlyCount "59"]
[EventDate "2007.11.24"]

1. d4 Nf6 2. Nf3 d5 3. e3 Bg4 4. Be2 e6 5. Ne5 Bxe2 6. Qxe2 Nbd7 7. b3 Nxe5 8.
dxe5 Nd7 9. Bb2 Bc5 10. O-O O-O 11. Nd2 f6 12. exf6 Nxf6 13. c4 c6 14. e4 Nxe4
15. Nxe4 dxe4 16. Qg4 Qe7 17. Qxe4 Rf7 18. Bd4 Bxd4 19. Qxd4 e5 20. Qe3 b6 21.
Rae1 Re8 22. Re2 Rf5 23. Qe4 Qf6 24. f4 g5 25. g3 gxf4 26. Rxf4 Rxf4 27. gxf4
Re7 28. fxe5 Rxe5 29. Qxe5 Qg6+ 30. Rg2 1-0

[Event "X Weekend B"]
[Site "Porto Sant'Elpidio ITA"]
[Date "2007.12.02"]
[Round "5"]
[White "Perdichizzi, Roberto"]
[Black "Tamburini, Giovanni"]
[Result "0-1"]
[WhiteElo "1401"]
[BlackElo "1464"]
[PlyCount "89"]
[EventDate "2007.11.24"]

1. e4 d6 2. Nc3 e5 3. Bc4 Nc6 4. a3 g6 5. d3 Bg7 6. h3 h6 7. Nf3 Nf6 8. Be3 a6
9. Qd2 Be6 10. Bxe6 fxe6 11. O-O d5 12. exd5 exd5 13. d4 e4 14. Nh4 Ne7 15. g3
g5 16. Ng2 Nf5 17. Na2 O-O 18. b3 b5 19. Rac1 Nd7 20. Nb4 Nb6 21. Qe1 Nxd4 22.
Bxd4 Bxd4 23. Nc6 Qf6 24. Nxd4 Qxd4 25. c3 Qf6 26. Ne3 Qe6 27. Kh2 Nd7 28. Rd1
Ne5 29. Kg2 c6 30. Qe2 Ra7 31. Qh5 Kg7 32. Qe2 Rd7 33. a4 Kg6 34. axb5 axb5 35.
c4 bxc4 36. bxc4 d4 37. Nc2 Nf3 38. Nb4 c5 39. Nd3 Qc6 40. Nb2 e3 41. fxe3 Nd2+
42. Kg1 Nxf1 43. Rxf1 Rxf1+ 44. Qxf1 dxe3 45. Qe2 0-1

[Event "X Weekend B"]
[Site "Porto Sant'Elpidio ITA"]
[Date "2007.12.02"]
[Round "5"]
[White "Piergentili, Roberto"]
[Black "Balzano, Aldo"]
[Result "1/2-1/2"]
[WhiteElo "1787"]
[BlackElo "1581"]
[PlyCount "47"]
[EventDate "2007.11.24"]

1. d4 Nf6 2. c4 g6 3. Nc3 Bg7 4. e4 d6 5. f3 Nc6 6. Be3 a6 7. Nge2 O-O 8. Qd2
Rb8 9. Nc1 e5 10. d5 Nd4 11. Nb3 Nxb3 12. axb3 Nh5 13. Bd3 Qh4+ 14. Bf2 Qe7 15.
O-O Nf4 16. Rfc1 f5 17. Ne2 Bh6 18. Be3 Qg5 19. Nxf4 exf4 20. Bd4 fxe4 21. Bxe4
Bg7 22. c5 Bxd4+ 23. Qxd4 Rf7 24. Rc2 1/2-1/2

[Event "X Weekend B"]
[Site "Porto Sant'Elpidio ITA"]
[Date "2007.12.02"]
[Round "5"]
[White "Santarelli, Emmanuele"]
[Black "Ragnini, Damiano"]
[Result "0-1"]
[WhiteElo "1506"]
[BlackElo "1616"]
[PlyCount "110"]
[EventDate "2007.11.24"]

1. d4 d5 2. c4 e6 3. Nc3 Nf6 4. Bg5 Nbd7 5. Nf3 Be7 6. e3 O-O 7. Qc2 h6 8. Bh4
c5 9. cxd5 cxd4 10. Nxd4 Nxd5 11. Bxe7 Qxe7 12. Nxd5 exd5 13. Be2 Qb4+ 14. Qd2
Qxd2+ 15. Kxd2 Nf6 16. Bf3 Re8 17. Rhd1 Bg4 18. Bxg4 Nxg4 19. Ke2 Rac8 20. h3
Nf6 21. Rac1 Rc4 22. Rxc4 dxc4 23. Nb5 a6 24. Nd6 Rd8 25. Nxc4 Rxd1 26. Kxd1
Kf8 27. Ke2 Ke7 28. f3 b5 29. Ne5 Nd5 30. a3 f6 31. Ng6+ Kd6 32. Nf4 Nb6 33. b3
g5 34. Nd3 a5 35. Nb2 Nd5 36. Kd3 f5 37. g4 f4 38. Nd1 fxe3 39. Nxe3 Nf4+ 40.
Kd4 Ne6+ 41. Kd3 Nc5+ 42. Kc3 Ke5 43. Nf5 Kf4 44. Nxh6 Kxf3 45. Nf5 Ne6 46.
Nd4+ Nxd4 47. Kxd4 Kg3 48. Ke4 Kxh3 49. Kf3 Kh4 50. Kf2 Kxg4 51. Kg2 Kf4 52.
Kf2 g4 53. Kg2 g3 54. Kg1 Ke3 55. Kg2 Kd3 0-1

[Event "X Weekend B"]
[Site "Porto Sant'Elpidio ITA"]
[Date "2007.12.02"]
[Round "6"]
[White "Binci, Filippo"]
[Black "Tamburini, Giovanni"]
[Result "1-0"]
[WhiteElo "1488"]
[BlackElo "1464"]
[PlyCount "83"]
[EventDate "2007.11.24"]

1. c4 e5 2. g3 f5 3. Bg2 Nf6 4. Nc3 d6 5. d3 g6 6. Nf3 Bg7 7. Bg5 Nbd7 8. O-O
h6 9. Bd2 O-O 10. Nh4 Kh7 11. b4 Nb6 12. e4 fxe4 13. Nxe4 g5 14. Nxf6+ Qxf6 15.
Be4+ Kg8 16. c5 d5 17. Bg2 gxh4 18. cxb6 c6 19. bxa7 Rxa7 20. b5 Be6 21. bxc6
bxc6 22. Bb4 Rc8 23. Bc5 Ra5 24. Qc2 h3 25. Bh1 d4 26. f4 exf4 27. Rxf4 Qg5 28.
Bb4 Rb5 29. Bd2 Qc5 30. Qxc5 Rxc5 31. Rf2 Rc2 32. Bf4 Rxf2 33. Kxf2 Bg4 34. Rc1
c5 35. Bd5+ Kh8 36. a4 Bf8 37. a5 Rd8 38. Bb7 Bc8 39. a6 Kg7 40. Rb1 Kf6 41.
Bxc8 Rxc8 42. Rb8 1-0

[Event "X Weekend B"]
[Site "Porto Sant'Elpidio ITA"]
[Date "2007.12.02"]
[Round "6"]
[White "Binci, Luca"]
[Black "Sagripanti, Michele"]
[Result "0-1"]
[WhiteElo "1650"]
[BlackElo "1614"]
[PlyCount "78"]
[EventDate "2007.11.24"]

1. d4 Nf6 2. c4 g6 3. Nc3 Bg7 4. e4 d6 5. f3 O-O 6. Be3 e5 7. d5 c6 8. Qd2 cxd5
9. cxd5 Nh5 10. g4 Nf4 11. Nge2 g5 12. O-O-O Nd7 13. Kb1 a6 14. Nxf4 exf4 15.
Bd4 Bxd4 16. Qxd4 Ne5 17. Be2 b5 18. Rc1 Qf6 19. Qf2 Bd7 20. a3 Ng6 21. Na2 a5
22. Rc7 Ne5 23. Rb7 Qg6 24. Bxb5 Bxb5 25. Rxb5 Nxg4 26. Qe2 Ne5 27. Rb6 f5 28.
Nc3 g4 29. exf5 Qxf5+ 30. Ka1 Nxf3 31. Rxd6 Rae8 32. Qf2 Ng5 33. Re1 Rxe1+ 34.
Qxe1 f3 35. Qf1 f2 36. Ne2 Ne4 37. Ng3 Nxg3 38. hxg3 Qe5 39. Rh6 Qe1+ 0-1

[Event "X Weekend B"]
[Site "Porto Sant'Elpidio ITA"]
[Date "2007.12.02"]
[Round "6"]
[White "Di Pietro, Gabriele"]
[Black "Balzano, Filli"]
[Result "1/2-1/2"]
[WhiteElo "1713"]
[BlackElo "1446"]
[PlyCount "146"]
[EventDate "2007.11.24"]

1. b3 d5 2. Bb2 Nc6 3. d4 Bf5 4. Nf3 Nf6 5. e3 e6 6. Bd3 Bxd3 7. Qxd3 Be7 8.
O-O O-O 9. Na3 Qd7 10. c4 dxc4 11. Nxc4 Rfe8 12. e4 Bf8 13. Rfd1 Rad8 14. e5
Nd5 15. Ng5 g6 16. Qh3 h6 17. Ne4 Bg7 18. Ne3 Nce7 19. Nxd5 Nxd5 20. Rac1 Nf4
21. Qg4 Nd5 22. h4 h5 23. Qg5 Qe7 24. Qxe7 Rxe7 25. Ba3 Ree8 26. g3 Bh6 27. Rc2
Kh8 28. Ng5 Kg8 29. Rdc1 Bf8 30. Bxf8 Kxf8 31. a3 Kg7 32. Kg2 Rd7 33. Ne4 Rdd8
34. Nc5 Rb8 35. Kf3 Re7 36. Nd3 Rc8 37. Rg1 Rd8 38. g4 hxg4+ 39. Rxg4 Kh6 40.
Rc1 Red7 41. Nc5 f5 42. Rg5 Re7 43. Rcg1 Rg8 44. h5 b6 45. Nd3 Reg7 46. hxg6
Rxg6 47. Rxg6+ Rxg6 48. Rxg6+ Kxg6 49. b4 Kf7 50. a4 Nc3 51. Nb2 Nd5 52. b5 Ke7
53. Ke2 Nc3+ 54. Kd3 Nd5 55. Nc4 Nf4+ 56. Kd2 Nd5 57. a5 Kd7 58. a6 Ke7 59. Kd3
Nb4+ 60. Kd2 Nd5 61. Kd3 Kf7 62. Ne3 Nxe3 63. fxe3 Ke7 64. e4 fxe4+ 65. Kxe4
Kd7 66. d5 Ke7 67. dxe6 Kxe6 68. Kd4 Kd7 69. Kd5 Ke7 70. Kc6 Ke6 71. Kxc7 Kxe5
72. Kb7 Kd6 73. Kxa7 Kc7 1/2-1/2

[Event "X Weekend B"]
[Site "Porto Sant'Elpidio ITA"]
[Date "2007.12.02"]
[Round "6"]
[White "Gasparroni, Daniele"]
[Black "Basso, Fabrizio"]
[Result "1-0"]
[WhiteElo "1760"]
[BlackElo "1706"]
[PlyCount "58"]
[EventDate "2007.11.24"]

1. Nf3 d5 2. b3 Nf6 3. Bb2 e6 4. e3 c5 5. d4 Nc6 6. c4 Be7 7. Nc3 cxd4 8. exd4
O-O 9. Be2 b6 10. O-O Bb7 11. Rc1 a6 12. Bd3 Re8 13. Qe2 dxc4 14. bxc4 Nxd4 15.
Nxd4 Qxd4 16. Nd5 Qh4 17. Nxb6 Bd6 18. Be5 Rad8 19. Bxd6 Rxd6 20. c5 Rc6 21.
Bxa6 Bxa6 22. Qxa6 Ng4 23. h3 Ne5 24. Rfe1 Qg5 25. Qb5 Nf3+ 26. Kh1 Nxe1 27.
Qxc6 Rd8 28. Rxe1 Qd2 29. Qe4 Qa5 1-0

[Event "X Weekend B"]
[Site "Porto Sant'Elpidio ITA"]
[Date "2007.12.02"]
[Round "6"]
[White "Gasparroni, Riccardo"]
[Black "Di Mantino, Mauro"]
[Result "0-1"]
[WhiteElo "1699"]
[BlackElo "1726"]
[PlyCount "87"]
[EventDate "2007.11.24"]

1. e4 c5 2. Nf3 d6 3. d4 cxd4 4. Nxd4 Nf6 5. Nc3 a6 6. g3 e5 7. Nf3 Qc7 8. Bg5
Nbd7 9. Bh3 Nb6 10. Bxc8 Rxc8 11. Bxf6 gxf6 12. Nd2 h5 13. Qf3 Bh6 14. Qxf6
Bxd2+ 15. Kxd2 Rg8 16. Qf3 Na4 17. Rab1 b5 18. Rhc1 Nb6 19. Ke1 h4 20. g4 b4
21. Nd5 Nxd5 22. exd5 Qc4 23. h3 Qxa2 24. Qb3 Qa5 25. Ra1 Qc5 26. Rxa6 f5 27.
Rc6 Rxc6 28. dxc6 d5 29. Qa4 Ke7 30. c7 fxg4 31. hxg4 Rxg4 32. c8=Q Qxc8 33.
Qa7+ Kf6 34. f3 Rf4 35. Qh7 Qc5 36. Qh6+ Ke7 37. Qg5+ Kd7 38. Qxe5 Qg1+ 39. Ke2
Qxc1 40. Qxd5+ Ke7 41. Qe5+ Kf7 42. Qc7+ Kg6 43. Qd6+ Rf6 44. Qd3+ 0-1

[Event "X Weekend B"]
[Site "Porto Sant'Elpidio ITA"]
[Date "2007.12.02"]
[Round "6"]
[White "Giri, Giovanni"]
[Black "Gjoklaj, Shpetim"]
[Result "0-1"]
[WhiteElo "1631"]
[BlackElo "1599"]
[PlyCount "46"]
[EventDate "2007.11.24"]

1. e4 e5 2. Nf3 Nc6 3. Bb5 f5 4. Nc3 Nf6 5. Qe2 fxe4 6. Nxe4 d6 7. d4 Bd7 8.
O-O a6 9. Ba4 Be7 10. Bb3 Bg4 11. c3 exd4 12. h3 Bh5 13. g4 d3 14. Qe3 Nxe4 15.
Qxe4 Bg6 16. Qd5 Qd7 17. Re1 O-O-O 18. Bg5 Kb8 19. Nd4 Bxg5 20. Nxc6+ Qxc6 21.
Qxg5 Rhf8 22. Bd5 Qc5 23. Re3 c6 0-1

[Event "X Weekend B"]
[Site "Porto Sant'Elpidio ITA"]
[Date "2007.12.02"]
[Round "6"]
[White "Lorito, Giuseppe"]
[Black "Marconi, Gabriele"]
[Result "0-1"]
[WhiteElo "1455"]
[BlackElo "1482"]
[PlyCount "66"]
[EventDate "2007.11.24"]

1. d4 d5 2. c4 c6 3. Nc3 Nf6 4. Nf3 Bf5 5. Bg5 Nbd7 6. e3 h6 7. Bh4 e6 8. cxd5
exd5 9. Bd3 Be6 10. O-O Bd6 11. Rc1 Qc7 12. h3 g5 13. Bg3 Bxg3 14. fxg3 Qxg3
15. Qe1 Qd6 16. Rf2 Qg3 17. Rf1 Qd6 18. Rf2 O-O-O 19. e4 dxe4 20. Nxe4 Nxe4 21.
Bxe4 Rhg8 22. b4 g4 23. hxg4 Rxg4 24. b5 Nf6 25. Re2 Nxe4 26. Rxe4 Rdg8 27.
Rxg4 Bxg4 28. Rc3 Bxf3 29. Rxf3 Qxd4+ 30. Kh1 Qg7 31. Qf2 Qa1+ 32. Kh2 Qe5+ 33.
Kh1 Rd8 0-1

[Event "X Weekend B"]
[Site "Porto Sant'Elpidio ITA"]
[Date "2007.12.02"]
[Round "6"]
[White "Marinucci, Johnny"]
[Black "Piergentili, Roberto"]
[Result "1-0"]
[WhiteElo "1655"]
[BlackElo "1787"]
[PlyCount "91"]
[EventDate "2007.11.24"]

1. d4 Nf6 2. Bf4 e6 3. e3 b6 4. Nd2 Bb7 5. Ngf3 c5 6. c3 Nc6 7. Bd3 Be7 8. h3
d5 9. Ne5 O-O 10. O-O Nxe5 11. Bxe5 Ne4 12. Nf3 a5 13. Re1 f5 14. Bh2 Bf6 15.
Rc1 Rc8 16. a4 Qe8 17. Bb5 Bc6 18. Qe2 Bxb5 19. axb5 c4 20. Ne5 Qxb5 21. f3 Ng5
22. Rb1 a4 23. Ra1 Ra8 24. Ra2 Nf7 25. Nxf7 Kxf7 26. Rea1 Qc6 27. f4 b5 28. g4
Be7 29. Qc2 g6 30. Bg3 Ra7 31. Be1 Rfa8 32. g5 a3 33. Kf1 axb2 34. Qxb2 Rxa2
35. Rxa2 Ra4 36. Qc2 Qa6 37. Rb2 b4 38. cxb4 c3+ 39. b5 Qb6 40. Qxc3 Rc4 41.
Qa5 Qb8 42. b6 Bxg5 43. Qa7+ Qxa7 44. bxa7 Ra4 45. Rb7+ Be7 46. Bh4 1-0

[Event "X Weekend B"]
[Site "Porto Sant'Elpidio ITA"]
[Date "2007.12.02"]
[Round "6"]
[White "Orlandini, Alessandra"]
[Black "Perdichizzi, Roberto"]
[Result "0-1"]
[WhiteElo "1440"]
[BlackElo "1401"]
[PlyCount "81"]
[EventDate "2007.11.24"]

1. e4 d6 2. d4 Nf6 3. Nc3 g6 4. Nf3 Bg7 5. Be3 O-O 6. Bd3 Bg4 7. O-O Bxf3 8.
Qxf3 c6 9. Rae1 Nbd7 10. Bf4 e5 11. dxe5 dxe5 12. Bd2 Nc5 13. Re3 a5 14. Qh3 b5
15. Rg3 b4 16. Nb1 Ncxe4 17. Re3 Nxd2 18. Nxd2 Qc7 19. Rfe1 Nd5 20. Rg3 Qe7 21.
Re4 Nf4 22. Qg4 f5 23. Qg5 Qxg5 24. Rxg5 fxe4 25. Nxe4 Nxd3 26. cxd3 Rac8 27.
Nc5 Rfe8 28. g3 Rcd8 29. f4 exf4 30. gxf4 Bd4+ 31. Kg2 Bxc5 32. Rxc5 Rxd3 33.
Rxc6 Re2+ 34. Kf1 Rdd2 35. Rc8+ Kg7 36. Rc7+ Kh6 37. Rc5 Rxb2 38. Rxa5 Rec2 39.
Re5 Rb1+ 40. Re1 Rxe1+ 41. Kxe1 0-1

[Event "X Weekend B"]
[Site "Porto Sant'Elpidio ITA"]
[Date "2007.12.02"]
[Round "6"]
[White "Piccioli, Lorenzo"]
[Black "Cataldi, Cristiano"]
[Result "1/2-1/2"]
[WhiteElo "1503"]
[BlackElo "1709"]
[PlyCount "79"]
[EventDate "2007.11.24"]

1. d4 d5 2. b3 Nf6 3. Bb2 Bf5 4. Nd2 e6 5. a3 c5 6. dxc5 Bxc5 7. e3 Nbd7 8. Ne2
Rc8 9. Rc1 Ng4 10. h3 Ngf6 11. g4 Bg6 12. Nf4 Qe7 13. b4 Bd6 14. Nxg6 fxg6 15.
Bg2 O-O 16. Nf3 Ne4 17. O-O Ndf6 18. Nd2 Bb8 19. Nxe4 Nxe4 20. f4 g5 21. Bxe4
dxe4 22. Be5 Rcd8 23. Qe2 gxf4 24. Bxf4 e5 25. Bg3 Qc7 26. Rxf8+ Rxf8 27. c4
Qf7 28. Rf1 Qxf1+ 29. Qxf1 Rxf1+ 30. Kxf1 Kf7 31. Ke2 Ke6 32. Kd2 g5 33. Kc3 a6
34. a4 b6 35. h4 h6 36. hxg5 hxg5 37. Be1 Kd6 38. Kb3 Ba7 39. Bd2 a5 40. b5
1/2-1/2

[Event "X Weekend B"]
[Site "Porto Sant'Elpidio ITA"]
[Date "2007.12.02"]
[Round "6"]
[White "Ragnini, Damiano"]
[Black "Balzano, Aldo"]
[Result "0-1"]
[WhiteElo "1616"]
[BlackElo "1581"]
[PlyCount "104"]
[EventDate "2007.11.24"]

1. d4 Nf6 2. c4 g6 3. Nc3 Bg7 4. e4 d6 5. Nf3 O-O 6. Be2 e5 7. dxe5 dxe5 8.
Qxd8 Rxd8 9. Bg5 Re8 10. Bxf6 Bxf6 11. Nd5 Bd8 12. Rd1 c6 13. Ne3 Bd7 14. O-O
f5 15. exf5 gxf5 16. h3 Bf6 17. Rd2 Be6 18. b3 Na6 19. Nc2 Nc5 20. Ne3 Ne4 21.
Rc2 Rad8 22. Rd1 Rxd1+ 23. Nxd1 Rd8 24. Nc3 Nxc3 25. Rxc3 e4 26. Re3 exf3 27.
Bxf3 Bf7 28. a4 Rd2 29. Kh2 Bg6 30. Re6 Kf7 31. Re3 f4 32. Re1 Bc2 33. Bh5+ Bg6
34. Bg4 Bc3 35. Re2 Rxe2 36. Bxe2 Bc2 37. g3 fxg3+ 38. fxg3 Bxb3 39. Bd3 h6 40.
g4 Be5+ 41. Kg2 Bxa4 42. Kf3 b5 43. cxb5 cxb5 44. Ke4 Bf6 45. Kd5 b4 46. Kd6 b3
47. Bc4+ Kg7 48. Bd3 b2 49. Kc5 Bd1 50. Kb4 h5 51. Ka3 hxg4 52. hxg4 Bxg4 0-1

[Event "X Weekend B"]
[Site "Porto Sant'Elpidio ITA"]
[Date "2007.12.02"]
[Round "6"]
[White "Sagripanti, Francesco"]
[Black "Paoloni, Andrea"]
[Result "1-0"]
[WhiteElo "1470"]
[BlackElo "1440"]
[PlyCount "67"]
[EventDate "2007.11.24"]

1. e4 e5 2. Nf3 Nc6 3. Bc4 d6 4. Nc3 Nf6 5. d4 exd4 6. Nxd4 Nxd4 7. Qxd4 g6 8.
Bg5 Be7 9. Nd5 c5 10. Qc3 Nxd5 11. Qxh8+ Kd7 12. Bb5+ Kc7 13. Qxd8+ Kxd8 14.
Bxe7+ Nxe7 15. O-O-O Kc7 16. Rd2 Be6 17. Rhd1 Rd8 18. f4 Bg4 19. Re1 Be6 20. h3
Bxa2 21. b3 a6 22. Bc4 f5 23. exf5 Nxf5 24. Kb2 Bxb3 25. cxb3 b5 26. Bd5 a5 27.
g4 Nd4 28. Re7+ Kb6 29. Rb7+ Ka6 30. Rxh7 Re8 31. Rh6 Re3 32. Rxg6 b4 33. Rxd6+
Kb5 34. Bc4# 1-0